| 000 | 00000cam 2200000zi 4500 |
| 001 | 9.905520 |
| 003 | CaOODSP |
| 005 | 20260305084018 |
| 006 | m o d f |
| 007 | cr mn||||||||| |
| 008 | 211201s1969 onca ob f000 0 eng d |
| 040 | |aCaOODSP|beng|erda|cCaOODSP |
| 043 | |an-cn--- |
| 086 | 1 |aJS52-1/1968E-PDF |
| 086 | 1 |aJS52-1/1968E|zJS52-1-1968 |
| 110 | 2 |aCanadian Committee on Corrections.|eauthor, |eissuing body. |
| 245 | 10|aReport of the Canadian Committee on Corrections : |btoward unity : criminal justice and corrections. |
| 264 | 1|aOttawa, Canada : |bThe Queen's Printer, |c1969. |
| 300 | |a1 online resource (xi, 505 pages) : |billustrations |
| 336 | |atext|btxt|2rdacontent |
| 337 | |acomputer|bc|2rdamedia |
| 338 | |aonline resource|bcr|2rdacarrier |
| 500 | |aIssued also in French under title: Rapport du Comité canadien de la réforme pénale et correctionnelle : justice pénale et correction : un lien à forger. |
| 500 | |a"March 31, 1969." |
| 500 | |aSubmitted to the Solicitor General of Canada. |
| 500 | |aChairman: Roger Ouimet. |
| 500 | |aDigitized edition from print [produced by Public Safety Canada]. |
| 504 | |aIncludes bibliographical references. |
| 650 | 0|aCriminal justice, Administration of|zCanada. |
| 650 | 0|aCorrections|zCanada. |
| 650 | 0|aCriminal law|zCanada. |
| 650 | 0|aCorrectional law|zCanada. |
| 700 | 1 |aOuimet, Roger, |d1908- |
| 710 | 1 |aCanada. |bSolicitor General Canada, |eissuing body. |
| 775 | 08|tRapport du Comité canadien de la réforme pénale et correctionnelle : |w(CaOODSP)9.905521 |
| 856 | 40|qPDF|s8.12 MB|uhttps://publications.gc.ca/collections/collection_2021/sp-ps/JS52-1-1968-eng.pdf |